000 00401pab a2200169 454500
008 180718b2003 xxu||||| |||| 00| 0 eng d
100 _aKamath, P.M.
245 _aIslamic terrorism: a threat to Indian secularism
260 _c2003
300 _ap.67-77.
362 _aOct-Dec
650 _aIslam
650 _aSecularism - India
650 _aTerrorism
773 _aDialogue
909 _a59010
999 _c59010
_d59010